[Event "Stay Safe Play From Home 328"]
[Site "Mustafa Kemal Atatürk"]
[Date "2020.07.24"]
[Round "9"]
[White "SelamiSahin"]
[Black "NeatFox"]
[Result "1-0"]
[WhiteElo "2104"]
[BlackElo "1847"]
[Annotator "NA RC"]
[PlyCount "75"]
[EventDate "2020.07.24"]
[EventType "swiss (blitz)"]

1. d4 {[%emt 0:00:02]} c6 {[%emt 0:00:00]} 2. c4 {[%emt 0:00:00]} d5 {[%emt 0:00:00]} 3. Nc3 {[%emt 0:00:00]} Nf6 {[%emt 0:00:02]} 4. Nf3 {[%emt 0:00:01]} g6 {[%emt 0:00:01]} 5. g3 {[%emt 0:00:00]} Bg7 {[%emt 0:00:00]} 6. Bg2 {[%emt 0:00:00]} O-O {[%emt 0:00:00]} 7. O-O {[%emt 0:00:00]} Bg4 {[%emt 0:00:01]} 8. Ne5 {[%emt 0:00:01]} Be6 {[%emt 0:00:02]} 9. Qb3 {[%emt 0:00:02]} dxc4 {[%emt 0:00:01]} 10. Qxb7 {[%emt 0:00:01]} Nbd7 {[%emt 0:00:01]} 11. Nxc6 {[%emt 0:00:02]} Qa5 {[%emt 0:00:04]} 12. Nxe7+ {[%emt 0:00:01]} Kh8 {[%emt 0:00:02]} 13. d5 {[%emt 0:00:01]} Rab8 {[%emt 0:00:01]} 14. Qc6 {[%emt 0:00:11]} Ne5 {[%emt 0:00:03]} 15. Qd6 {[%emt 0:00:05]} Bxd5 {[%emt 0:00:08]} 16. Nexd5 {[%emt 0:00:00]} Nxd5 {[%emt 0:00:01]} 17. Qxd5 {[%emt 0:00:01]} Qc7 {[%emt 0:00:03]} 18. Qe4 {[%emt 0:00:02]} f6 {[%emt 0:00:01]} 19. Nd5 {[%emt 0:00:01]} Qc6 {[%emt 0:00:02]} 20. Bf4 {[%emt 0:00:01]} Qe6 {[%emt 0:00:02]} 21. Nc3 {[%emt 0:00:01]} Rfe8 {[%emt 0:00:01]} 22. Bxe5 {[%emt 0:00:01]} fxe5 {[%emt 0:00:01]} 23. Rab1 {[%emt 0:00:01]} Rbc8 {[%emt 0:00:01]} 24. h4 {[%emt 0:00:02]} Qf6 {[%emt 0:00:01]} 25. e3 {[%emt 0:00:01]} Bf8 {[%emt 0:00:01]} 26. Rfd1 {[%emt 0:00:01]} Re7 {[%emt 0:00:01]} 27. Rd5 {[%emt 0:00:01]} Rce8 {[%emt 0:00:01]} 28. Qxc4 {[%emt 0:00:01]} Bg7 {[%emt 0:00:01]} 29. Rf1 {[%emt 0:00:01]} Rf8 {[%emt 0:00:01]} 30. Ne4 {[%emt 0:00:01]} Qb6 {[%emt 0:00:01]} 31. Qc5 {[%emt 0:00:01]} Qxb2 {[%emt 0:00:01]} 32. Qxe7 {[%emt 0:00:01]} Qb8 {[%emt 0:00:03]} 33. Rd7 {[%emt 0:00:01]} Rg8 {[%emt 0:00:01]} 34. Ng5 {[%emt 0:00:01]} h6 {[%emt 0:00:01]} 35. Ne6 {[%emt 0:00:01]} Qc8 {[%emt 0:00:03]} 36. Nxg7 {[%emt 0:00:01]} Qe8 {[%emt 0:00:01]} 37. Nxe8 {[%emt 0:00:01]} Rg7 {[%emt 0:00:03]} 38. Qxg7# {[%emt 0:00:01] (Lag: Av=0.58s, max=1.1s)} 1-0

[Event "Stay Safe Play From Home 328"]
[Site "Mustafa Kemal Atatürk"]
[Date "2020.07.24"]
[Round "9"]
[White "Greblha"]
[Black "James Harcourt"]
[Result "1-0"]
[WhiteElo "1904"]
[BlackElo "1268"]
[Annotator "NA"]
[PlyCount "103"]
[EventDate "2020.07.24"]
[EventType "swiss (blitz)"]

1. e4 {[%emt 0:00:01]} e5 {[%emt 0:00:00]} 2. Nf3 {[%emt 0:00:01]} Nf6 {[%emt 0:00:00]} 3. Nxe5 {[%emt 0:00:01]} Bc5 {[%emt 0:00:01]} 4. d4 {[%emt 0:00:02]} Bb6 {[%emt 0:00:01]} 5. Nc3 {[%emt 0:00:01]} d6 {[%emt 0:00:01]} 6. Nc4 {[%emt 0:00:01]} Bg4 {[%emt 0:00:01]} 7. Nxb6 {[%emt 0:00:01]} Bxd1 {[%emt 0:00:01]} 8. Nxa8 {[%emt 0:00:00]} Nbd7 {[%emt 0:00:02]} 9. Nxc7+ {[%emt 0:00:03]} Qxc7 {[%emt 0:00:01]} 10. Kxd1 {[%emt 0:00:01]} O-O {[%emt 0:00:01]} 11. Be3 {[%emt 0:00:01]} d5 {[%emt 0:00:01]} 12. e5 {[%emt 0:00:01]} Ne4 {[%emt 0:00:02]} 13. Nxe4 {[%emt 0:00:02]} dxe4 {[%emt 0:00:01]} 14. c3 {[%emt 0:00:00]} f6 {[%emt 0:00:02]} 15. exf6 {[%emt 0:00:01]} Nxf6 {[%emt 0:00:01]} 16. Kc2 {[%emt 0:00:03]} Nd5 {[%emt 0:00:01]} 17. Re1 {[%emt 0:00:04]} b5 {[%emt 0:00:02]} 18. f3 {[%emt 0:00:02]} exf3 {[%emt 0:00:02]} 19. gxf3 {[%emt 0:00:01]} b4 {[%emt 0:00:01]} 20. Bd2 {[%emt 0:00:01]} bxc3 {[%emt 0:00:01]} 21. Bxc3 {[%emt 0:00:01]} Rb8 {[%emt 0:00:04]} 22. Re5 {[%emt 0:00:06]} Nxc3 {[%emt 0:00:04]} 23. Rc5 {[%emt 0:00:01]} Qf4 {[%emt 0:00:05]} 24. Bc4+ {[%emt 0:00:01]} Kf8 {[%emt 0:00:03]} 25. bxc3 {[%emt 0:00:01]} Qxf3 {[%emt 0:00:01]} 26. Rf1 {[%emt 0:00:03]} Qxf1 {[%emt 0:00:01]} 27. Bxf1 {[%emt 0:00:01]} Re8 {[%emt 0:00:01]} 28. Re5 {[%emt 0:00:01]} Rxe5 {[%emt 0:00:01]} 29. dxe5 {[%emt 0:00:01]} Ke7 {[%emt 0:00:00]} 30. Kd3 {[%emt 0:00:00]} Ke6 {[%emt 0:00:00]} 31. Ke4 {[%emt 0:00:00]} g5 {[%emt 0:00:00]} 32. Bc4+ {[%emt 0:00:01]} Ke7 {[%emt 0:00:03]} 33. Kf5 {[%emt 0:00:00]} g4 {[%emt 0:00:00]} 34. Kxg4 {[%emt 0:00:01]} a5 {[%emt 0:00:00]} 35. Kf5 {[%emt 0:00:00]} Kf8 {[%emt 0:00:02]} 36. a4 {[%emt 0:00:01]} Kg7 {[%emt 0:00:00]} 37. Ke6 {[%emt 0:00:01]} h5 {[%emt 0:00:00]} 38. Kd7 {[%emt 0:00:01]} Kh6 {[%emt 0:00:00]} 39. e6 {[%emt 0:00:00]} Kg5 {[%emt 0:00:00]} 40. e7 {[%emt 0:00:00]} h4 {[%emt 0:00:00]} 41. e8=Q {[%emt 0:00:00]} Kg4 {[%emt 0:00:00]} 42. Qe2+ {[%emt 0:00:01]} Kh3 {[%emt 0:00:02]} 43. Qf2 {[%emt 0:00:02]} Kg4 {[%emt 0:00:02]} 44. Qg2+ {[%emt 0:00:00]} Kh5 {[%emt 0:00:01]} 45. Qh3 {[%emt 0:00:00]} Kg6 {[%emt 0:00:03]} 46. Be2 {[%emt 0:00:00]} Kf6 {[%emt 0:00:00]} 47. Qxh4+ {[%emt 0:00:01]} Ke5 {[%emt 0:00:00]} 48. Qd4+ {[%emt 0:00:00]} Kf5 {[%emt 0:00:01]} 49. Qc5+ {[%emt 0:00:00]} Kf4 {[%emt 0:00:01]} 50. Qxa5 {[%emt 0:00:00]} Ke3 {[%emt 0:00:00]} 51. Qe5+ {[%emt 0:00:01]} Kd2 {[%emt 0:00:01]} 52. c4 {[%emt 0:00:00] TimeB} 1-0

[Event "Stay Safe Play From Home 328"]
[Site "Mustafa Kemal Atatürk"]
[Date "2020.07.24"]
[Round "9"]
[White "Capaeuwekhine"]
[Black "Mepe_Nika"]
[Result "0-1"]
[WhiteElo "1699"]
[BlackElo "2421"]
[PlyCount "50"]
[EventDate "2020.07.24"]
[EventType "swiss (blitz)"]

1. d4 {[%emt 0:00:01]} d5 {[%emt 0:00:01]} 2. Nf3 {[%emt 0:00:01]} Nf6 {[%emt 0:00:01]} 3. g3 {[%emt 0:00:01]} Bf5 {[%emt 0:00:02]} 4. Bg2 {[%emt 0:00:01]} e6 {[%emt 0:00:00]} 5. O-O {[%emt 0:00:01]} Be7 {[%emt 0:00:00]} 6. c3 {[%emt 0:00:01]} h6 {[%emt 0:00:01]} 7. Bf4 {[%emt 0:00:01]} O-O {[%emt 0:00:01]} 8. Nbd2 {[%emt 0:00:01]} c5 {[%emt 0:00:01]} 9. Ne5 {[%emt 0:00:01]} Nc6 {[%emt 0:00:01]} 10. e3 {[%emt 0:00:01]} Qb6 {[%emt 0:00:01]} 11. Nxc6 {[%emt 0:00:01]} bxc6 {[%emt 0:00:00]} 12. Qb3 {[%emt 0:00:01]} c4 {[%emt 0:00:01]} 13. Qxb6 {[%emt 0:00:01]} axb6 {[%emt 0:00:00]} 14. b3 {[%emt 0:00:01]} b5 {[%emt 0:00:01]} 15. bxc4 {[%emt 0:00:01]} bxc4 {[%emt 0:00:00]} 16. f3 {[%emt 0:00:01]} Ra3 {[%emt 0:00:01]} 17. e4 {[%emt 0:00:01]} Bg6 {[%emt 0:00:03]} 18. Rfc1 {[%emt 0:00:03]} Rfa8 {[%emt 0:00:01]} 19. e5 {[%emt 0:00:06]} Nd7 {[%emt 0:00:01]} 20. Be3 {[%emt 0:00:02]} Rxa2 {[%emt 0:00:01]} 21. Rxa2 {[%emt 0:00:02]} Rxa2 {[%emt 0:00:00]} 22. f4 {[%emt 0:00:01]} c5 {[%emt 0:00:01]} 23. dxc5 {[%emt 0:00:02]} Nxc5 {[%emt 0:00:01]} 24. Bxc5 {[%emt 0:00:01]} Bxc5+ {[%emt 0:00:01]} 25. Kf1 {[%emt 0:00:02]} Rxd2 {[%emt 0:00:01] Capaeuwekhine rinde (Lag: Av=0.73s, max=3.4s)} 0-1

[Event "Stay Safe Play From Home 328"]
[Site "Mustafa Kemal Atatürk"]
[Date "2020.07.24"]
[Round "9"]
[White "Trotsky"]
[Black "Little champs"]
[Result "0-1"]
[WhiteElo "1653"]
[BlackElo "2346"]
[PlyCount "66"]
[EventDate "2020.07.24"]
[EventType "swiss (blitz)"]

1. d4 {[%emt 0:00:01]} c6 {[%emt 0:00:01]} 2. e3 {[%emt 0:00:00]} d5 {[%emt 0:00:01]} 3. c4 {[%emt 0:00:00]} Nf6 {[%emt 0:00:00]} 4. Nc3 {[%emt 0:00:01]} e6 {[%emt 0:00:01]} 5. c5 {[%emt 0:00:01]} b6 {[%emt 0:00:01]} 6. Bd3 {[%emt 0:00:01]} bxc5 {[%emt 0:00:02]} 7. Qc2 {[%emt 0:00:01]} c4 {[%emt 0:00:01]} 8. Be2 {[%emt 0:00:01]} Nbd7 {[%emt 0:00:03]} 9. Nf3 {[%emt 0:00:00]} Bd6 {[%emt 0:00:00]} 10. Bd2 {[%emt 0:00:00]} e5 {[%emt 0:00:00]} 11. h4 {[%emt 0:00:01]} e4 {[%emt 0:00:01]} 12. Ng5 {[%emt 0:00:01]} h6 {[%emt 0:00:01]} 13. Nh3 {[%emt 0:00:01]} a5 {[%emt 0:00:01]} 14. O-O-O {[%emt 0:00:01]} Bb7 {[%emt 0:00:00]} 15. f3 {[%emt 0:00:00]} exf3 {[%emt 0:00:01]} 16. gxf3 {[%emt 0:00:02]} a4 {[%emt 0:00:00]} 17. Kb1 {[%emt 0:00:03]} a3 {[%emt 0:00:00]} 18. Rdg1 {[%emt 0:00:08]} axb2 {[%emt 0:00:01]} 19. Ng5 {[%emt 0:00:02]} hxg5 {[%emt 0:00:01]} 20. Rxg5 {[%emt 0:00:01]} g6 {[%emt 0:00:01]} 21. Rxg6 {[%emt 0:00:03]} Ke7 {[%emt 0:00:03]} 22. e4 {[%emt 0:00:05]} fxg6 {[%emt 0:00:02]} 23. e5 {[%emt 0:00:01]} Bxe5 {[%emt 0:00:01]} 24. dxe5 {[%emt 0:00:02]} Nxe5 {[%emt 0:00:01]} 25. f4 {[%emt 0:00:01]} Nd3 {[%emt 0:00:01]} 26. Bxd3 {[%emt 0:00:01]} cxd3 {[%emt 0:00:00]} 27. Qxd3 {[%emt 0:00:00]} Kf7 {[%emt 0:00:01]} 28. h5 {[%emt 0:00:02]} gxh5 {[%emt 0:00:02]} 29. Qh3 {[%emt 0:00:05]} Qc8 {[%emt 0:00:02]} 30. f5 {[%emt 0:00:01]} Qg8 {[%emt 0:00:03]} 31. Rd1 {[%emt 0:00:04]} Qg4 {[%emt 0:00:01]} 32. Qd3 {[%emt 0:00:01]} Ba6 {[%emt 0:00:02]} 33. Qd4 {[%emt 0:00:01]} Qxd4 {[%emt 0:00:02] Trotsky Ñäàåòñÿ (Lag: Av=0.64s, max=1.3s)} 0-1

[Event "Stay Safe Play From Home 328"]
[Site "Mustafa Kemal Atatürk"]
[Date "2020.07.24"]
[Round "9"]
[White "Edmatuag"]
[Black "SoulofWolf"]
[Result "0-1"]
[WhiteElo "1617"]
[BlackElo "2140"]
[Annotator "TA"]
[PlyCount "92"]
[EventDate "2020.07.24"]
[EventType "swiss (blitz)"]

{[%evp 19,92,36,43,31,37,18,32,4,17,-20,10,0,0,-23,0,-109,-65,-59,-28,-52,-52,-64,-60,-129,-65,-75,-65,-67,-64,-66,-53,-59,-45,-62,-12,-37,-39,-67,-66,-72,-56,-120,-120,-120,-120,-120,-120,-142,-142,-139,-125,-139,-124,-131,-80,-119,0,-124,-124,-124,-124,-124,-120,-169,-125,-167,-125,-167,-167,-350,-131,-467,-157,-408,-355]} 1. e4 d5 2. exd5 Nf6 3. Nc3 Nxd5 4. d4 c6 5. Nxd5 cxd5 6. Nf3 e6 7. c4 Nd7 8. cxd5 exd5 9. Bd3 Be7 10. O-O O-O 11. Bf4 {D41: Queen's Gambit Declined: Semi-Tarrasch with 5 cxd5.} Nf6 12. Ne5 Be6 {[#]} 13. Qf3 $146 {White is slightly better.} ({Predecessor:} 13. Rc1 Qb6 14. Qa4 Rac8 15. b3 a6 16. Bd2 Qd6 17. Rxc8 Rxc8 18. Rc1 Rxc1+ 19. Bxc1 {1-0 (59) Tscharotschkin,M (2202)-De Bordons Alba,C (1946) Coria del Rio 2005}) 13... Re8 14. Bg5 h6 15. Bxf6 Bxf6 16. Qg3 Kf8 17. Ng4 (17. f4 $11 {keeps the balance.}) 17... Bxg4 18. Qxg4 Qc8 19. Qxc8 Raxc8 20. Rac1 Bxd4 21. h3 (21. Rb1 $15) 21... Bb6 (21... Rxc1 $17 22. Rxc1 Bxb2) 22. Rfe1 g6 (22... Rxe1+ {is interesting.} 23. Rxe1 Bd4 24. b4 g6 25. Rd1 Bc3) 23. Rxe8+ Rxe8 $15 {[%mdl 4096] Endgame KRB-KRB} 24. Kf1 Kg7 25. Be2 Re5 26. Bf3 f5 27. Re1 Kf6 28. Rxe5 Kxe5 {KB-KB} 29. Ke2 g5 30. Kd2 (30. Bh5 $15) 30... Bxf2 $17 31. Kd3 Bg3 32. Bd1 b6 33. a3 a5 34. Ba4 Be1 35. Bd7 Bh4 36. Bc8 Kf4 (36... Bf2 $142 37. Bd7 h5) 37. Bb7 Ke5 38. Bc8 $1 Bg3 39. Bb7 Bh2 40. Bc8 Bg1 41. Bb7 Bc5 42. Bc8 Kf4 43. Bb7 d4 44. Bc6 $2 {[#]} (44. Bc8) 44... g4 $2 (44... Kg3 $19 {has better winning chances.} 45. Kc4 Be7) 45. Bb7 $2 {[%mdl 8192]} (45. hxg4 $17 {is a better chance.} fxg4 46. Be8) 45... h5 $2 (45... Kg3 $19 {is more deadly.} 46. hxg4 fxg4) 46. hxg4 $2 (46. Bc8 $17) 46... fxg4 {Accuracy: White = 50%, Black = 59%.} 0-1

[Event "Stay Safe Play From Home 328"]
[Site "Mustafa Kemal Atatürk"]
[Date "2020.07.24"]
[Round "9"]
[White "Meini"]
[Black "W Nelles"]
[Result "1-0"]
[WhiteElo "1503"]
[BlackElo "1181"]
[Annotator "NA"]
[PlyCount "75"]
[EventDate "2020.07.24"]
[EventType "swiss (blitz)"]

1. d4 {[%emt 0:00:02]} e6 {[%emt 0:00:01]} 2. Bf4 {[%emt 0:00:02]} Nf6 {[%emt 0:00:01]} 3. e3 {[%emt 0:00:00]} Bd6 {[%emt 0:00:01]} 4. Nf3 {[%emt 0:00:00]} Bxf4 {[%emt 0:00:01]} 5. exf4 {[%emt 0:00:00]} Nd5 {[%emt 0:00:01]} 6. c3 {[%emt 0:00:00]} O-O {[%emt 0:00:01]} 7. g3 {[%emt 0:00:01]} b6 {[%emt 0:00:02]} 8. Bg2 {[%emt 0:00:01]} Bb7 {[%emt 0:00:01]} 9. O-O {[%emt 0:00:00]} c6 {[%emt 0:00:02]} 10. Nbd2 {[%emt 0:00:00]} Na6 {[%emt 0:00:03]} 11. Ne4 {[%emt 0:00:01]} d6 {[%emt 0:00:02]} 12. Neg5 {[%emt 0:00:04]} h6 {[%emt 0:00:03]} 13. Ne4 {[%emt 0:00:01]} Nf6 {[%emt 0:00:02]} 14. Nxf6+ {[%emt 0:00:04]} Qxf6 {[%emt 0:00:01]} 15. Qe2 {[%emt 0:00:01]} c5 {[%emt 0:00:03]} 16. dxc5 {[%emt 0:00:02]} Bxf3 {[%emt 0:00:02]} 17. Qxf3 {[%emt 0:00:04]} Nxc5 {[%emt 0:00:01]} 18. Rad1 {[%emt 0:00:03]} d5 {[%emt 0:00:01]} 19. Rfe1 {[%emt 0:00:06]} Ne4 {[%emt 0:00:02]} 20. Qe3 {[%emt 0:00:02]} Rae8 {[%emt 0:00:04]} 21. Bxe4 {[%emt 0:00:02]} dxe4 {[%emt 0:00:01]} 22. Qxe4 {[%emt 0:00:01]} Qf5 {[%emt 0:00:02]} 23. Qxf5 {[%emt 0:00:02]} exf5 {[%emt 0:00:01]} 24. Kf1 {[%emt 0:00:01]} Rxe1+ {[%emt 0:00:02]} 25. Kxe1 {[%emt 0:00:03]} Re8+ {[%emt 0:00:02]} 26. Kf1 {[%emt 0:00:01]} Kf8 {[%emt 0:00:01]} 27. Rd7 {[%emt 0:00:01]} a5 {[%emt 0:00:02]} 28. Rb7 {[%emt 0:00:02]} Re6 {[%emt 0:00:02]} 29. f3 {[%emt 0:00:03]} g5 {[%emt 0:00:02]} 30. fxg5 {[%emt 0:00:02]} hxg5 {[%emt 0:00:01]} 31. Kf2 {[%emt 0:00:00]} g4 {[%emt 0:00:01]} 32. h3 {[%emt 0:00:00]} gxh3 {[%emt 0:00:01]} 33. g4 {[%emt 0:00:01]} h2 {[%emt 0:00:02]} 34. Kg2 {[%emt 0:00:01]} Re2+ {[%emt 0:00:01]} 35. Kh1 {[%emt 0:00:01]} Rxb2 {[%emt 0:00:02]} 36. gxf5 {[%emt 0:00:02]} Kg7 {[%emt 0:00:01]} 37. f6+ {[%emt 0:00:00]} Kxf6 {[%emt 0:00:01]} 38. Rc7 {[%emt 0:00:01] Zeit (Lag: Av=0.54s, max=0.9s)} 1-0